01602nam a2200337 i 4500001001000000003000900010005001700019007000300036008004100039040003000080041000800110082002300118245012700141250002200268264015500290300002800445336002700473337003300500338002800533590002600561650004600587650003300633700004500666700004400711910003700755942001400792952015400806952014100960952014601101999001701247000026339DO-SdBNP20250203135224.0ta110314s1990 dr r 000 0 spa d aDO-SdBNPbspacBNPHUerda aspa 4a016.61 bC357c22200aCatálogo colectivo de publicaciones periódicas en biomedicina /ceditores, Manuel Roa Santana, Lucero Arboleda de Roa. aSegunda edición 4aSanto Domingo :bAsociación Dominicana de Rectores de Universidades (ADRU) ;bAsociación de Biliotecas Universitarias Dominicanas (ABUD),c©1990. a245 páginas ;c24 cm. atextobtxt2rdacontent asin mediaciónbn2rdamedia avolumenbnc2rdacarrier aInventariado, 2019/BT 4aCatálogos colectivos de revistas986916 4aRevistas986917xCatálogos1 aRoa Santana, Manuel,953369eeditor4ed.1 aArboleda de Roa, Lucero931310eeditora aValidado. Control de Calidad/MAA 2ddccLBS1 00102ddc56708DS-RaBNPHUbBNPHUcHDd2011-10-04l0oBNPHU R-DS 016.61 C357c 1990p26339-30r2020-06-25te.3w2020-06-25yLBS1ZPréstamo en sala 00102ddc51708PDaBNPHUbBNPHUcHDd2011-03-14l0oBNPHU R-PD 016.61 C357c 1990p26339-10r2020-06-25w2020-06-25yLBS1ZNo se presta 00102ddc51708PDaBNPHUbBNPHUcHDd2011-04-18l0oBNPHU R-PD 016.61 C357c 1990p26339-20r2020-06-25te.2w2020-06-25yLBS1ZNo se presta c25831d25831